| 000 | 00422nam a22001577a 4500 | ||
|---|---|---|---|
| 003 | OSt | ||
| 005 | 20211021152649.0 | ||
| 008 | 211021b |||||||| |||| 00| 0 eng d | ||
| 040 | _cHAWASSA UNIVERSITY | ||
| 050 |
_a631.7/RYC _b1 |
||
| 082 |
_a631.7/RYC _b1 |
||
| 100 |
_aRYCROFT W.DAVID _qRYCROFT W.DAVID _914931 |
||
| 245 | _aPROSPECTS FOR THE DRAINAGE OF CLAY SOILS | ||
| 260 |
_aROME _bFAO _c1995 |
||
| 942 |
_2ddc _cBOOKS _n0 |
||
| 999 |
_c14182 _d14182 |
||